Normal view
MARC view
Entry Uniform Title
001 - CONTROL NUMBER
- control field: 44807
003 - CONTROL NUMBER IDENTIFIER
- control field: dpl
005 - DATE AND TIME OF LATEST TRANSACTION
- control field: 20120404161908.0
008 - FIXED-LENGTH DATA ELEMENTS
- fixed length control field: 120404|||a|||||| | ||| d
040 ## - CATALOGING SOURCE
- Original cataloging agency: dpl
- Transcribing agency: dpl
130 ## - HEADING--UNIFORM TITLE
- Uniform title: ग्रथांक-1056
670 ## - SOURCE DATA FOUND
- Source citation: Work cat.: (dpl): 23632 पालीवाल,कृष्णदत्त, निर्मल वर्मा और उत्तर औपनिवेशिक विमर्श /, 2012
670 ## - SOURCE DATA FOUND
- Source citation: Work cat.: (dpl): 23632 पालीवाल,कृष्णदत्त, निर्मल वर्मा और उत्तर औपनिवेशिक विमर्श /, 2012
